BSOP header

The religion of the Chinese / (Record no. 7673)

MARC details
000 -LEADER
fixed length control field 00498nam a2200157 4500
008 - FIXED-LENGTH DATA ELEMENTS--GENERAL INFORMATION
fixed length control field 020221s1910 enk engYA
090 ## - LOCALLY ASSIGNED LC-TYPE CALL NUMBER (OCLC); LOCAL CALL NUMBER (OCLC)
Classification number (OCLC) (R) ; Classification number, CALL (RLIN) (NR) BL1801
Local cutter number (OCLC) ; Book number/undivided call number, CALL (RLIN) D36r
100 1# - MAIN ENTRY--PERSONAL NAME
Personal name Degroot, J. J. M.
245 10 - TITLE STATEMENT
Title The religion of the Chinese /
Statement of responsibility, etc J. J. M. Degroot.
260 ## - PUBLICATION, DISTRIBUTION, ETC. (IMPRINT)
Place of publication, distribution, etc New York ; MacMillan Company,
Date of publication, distribution, etc c1910.
300 ## - PHYSICAL DESCRIPTION
Extent vii, 230 p.
500 ## - GENERAL NOTE
General note [xeroxed copy]
650 #4 - SUBJECT ADDED ENTRY--TOPICAL TERM
Topical term or geographic name as entry element China
General subdivision Religion.
951 ## - EQUIVALENCE OR CROSS-REFERENCE-GEOGRAPHIC NAME/AREA NAME [OBSOLETE] [CAN/MARC only]
General subdivision 00020682
951 ## - EQUIVALENCE OR CROSS-REFERENCE-GEOGRAPHIC NAME/AREA NAME [OBSOLETE] [CAN/MARC only]
-- 22041
-- BL1801/D36r
-- 070613111047281
-- 2000-12-21
-- GC
Holdings
Withdrawn status Lost status Damaged status Not for loan Home library Current library Shelving location Date acquired Accession number Shelving control number Total Checkouts Full call number Barcode Date last seen Price effective from Koha item type
        BSOP Library BSOP Library GC 12/21/2000 22041 127   BL1801/D36r 00020682 02/23/2013 02/23/2013 Books
BSOP

Biblical Seminary of the Philippines
  All rights Reserved
  © 2024

CONTACT INFORMATION

Biblical Seminary of the Philippines,
  77-B Karuhatan Road, Valenzuela City,
  PHILIPPINES 1441
  Phone: +632 8292-6795 / 8292-6798
  Fax : +632 8292-6675
  Email: library@bsop.edu.ph